Missing Word: 'F' Authors Quiz Stats

 Plays Quiz Updated Mar 1, 2016

Score 0/22 Timer 03:00
0 Plays Today
Author Answer % Correct
F. Scott _____Fitzgerald
99%
Ian _____Fleming
88.8%
_____ KafkaFranz
84.1%
_____ McCourtFrank
83.9%
William _____Faulkner
75.4%
James _____ CooperFenimore
72.9%
_____ DostoyevskyFyodor
69.8%
Robert _____Frost
69.6%
_____ ForsythFrederick
63.4%
_____ Hodgson BurnettFrances
63%
Gustave _____Flaubert
59%
Author Answer % Correct
E.M. _____Forster
56.6%
Ken _____Follett
51.8%
David _____ WallaceFoster
51.5%
_____ NietzscheFriedrich
50.5%
_____ Madox _____Ford
44.1%
Henry _____Fielding
40.2%
_____ O'ConnorFlannery
39.5%
Edna _____Ferber
38.3%
C.S. _____Forester
34.3%
Michel _____Foucault
15.1%
Esther _____Forbes
9.1%

Today's Daily Dose

Missing Word
Directed by Peter

Word Ladder
Blink-182

Quick Pick
Eagles Songs

Get the Picture
NFC West Profiles

You're not logged in!

Compare scores with friends on all Sporcle quizzes.
OR
Log In

Show Comments

Extras

Top Quizzes Today


Score Distribution

Your Account Isn't Verified!

In order to create a playlist on Sporcle, you need to verify the email address you used during registration. Go to your Sporcle Settings to finish the process.

Report this User

Report this user for behavior that violates our Community Guidelines.

Details: